Maintaining Biodiversity in Forest Ecosystems (Record no. 245909)

MARC details
000 -LEADER
fixed length control field 00295pam a2200145 a 4500
020 ## - INTERNATIONAL STANDARD BOOK NUMBER
Terms of availability
041 ## - LANGUAGE CODE
Language code of original
100 ## - MAIN ENTRY--PERSONAL NAME
Personal name Malcolm L. Hunter JR
245 ## - TITLE STATEMENT
Title Maintaining Biodiversity in Forest Ecosystems
250 ## - EDITION STATEMENT
Edition statement Ist
260 ## - PUBLICATION, DISTRIBUTION, ETC.
Date of publication, distribution, etc. 1999
300 ## - PHYSICAL DESCRIPTION
Extent 698
653 ## - INDEX TERM--UNCONTROLLED
Uncontrolled term Forestry
930 ## - EQUIVALENCE OR CROSS-REFERENCE-UNIFORM TITLE HEADING [LOCAL, CANADA]
Uniform title 56
Holdings
Withdrawn status Lost status Damaged status Not for loan Collection Home library Current library Date acquired Total Checkouts Full call number Barcode Date last seen Date last checked out Copy number Price effective from Koha item type
          Institute of Environment Education & Research, Pune Institute of Environment Education & Research, Pune 19/09/2011 1 EVP-1047 20/09/2023 04/09/2023 1 03/04/2023 Book